000
00280nam a22001217a 4500
008
170601b xxu||||| |||| 00| 0 eng d
041
_a
eng
080
_a
94(7/8)
100
_a
17
101
_a
SHH
245
_a
ARCHITECTURE, AMBITION AND AMERICANS
_c
ANDREWS,W
942
_2
udc
_c
BK
999
_c
15300
_d
15300